[Event "Ch France (team) (nat.1) 2007/08"]
[Site "masterchessopen.com France"]
[Date "2008.02.09"]
[Round "6"]
[White "Salaun Yann (FRA)"]
[Black "Grill Marc (FRA)"]
[Result "1-0"]
[WhiteElo "2339"]
[BlackElo "2161"]

1.d4 Nf6 2.c4 e6 3.Nc3 Bb4 4.e3 b6 5.Ne2 Ba6 6.a3 Bxc3+ 7.Nxc3 d5 8.b3 Nc6
9.b4 Bxc4 10.Bxc4 dxc4 11.Qe2 O-O 12.Qxc4 Qd7 13.O-O Nd5 14.Bb2 f5 15.Rac1
Nce7 16.Rfe1 Nxc3 17.Qxc3 Nd5 18.Qc6 Qf7 19.Rc2 Rae8 20.Bc1 Re7 21.b5 Kh8
22.Qc4 Qg6 23.f3 h5 24.Rce2 h4 25.h3 Qg3 26.Bd2 Ref7 27.Rf1 Rc8 28.e4 fxe4
29.Rxe4 Qd6 30.Rxh4+ Kg8 31.Qd3 Rf5 32.Rc1 c5 33.dxc5 Rxc5 34.Re1 Qd7 35.a4
Rc8 36.Rhe4 Rf6 37.Re5 Qd6 38.Bg5 Rc3 39.Qe4 Qc5+ 40.Kh2 Rc4 41.Qb1 Rb4 42.Qd3
Rd4 43.Qe2 Qd6 44.Kh1 Rg6 45.Qc2 Kf7 46.h4 Nb4 47.Qxg6+ Kxg6 48.Rxe6+ {#r} 1-0

[Event "It (open) \"]
[Site "masterchessopen.com Moscow (Russia)"]
[Date "2008.02.16"]
[Round "3"]
[White "Jobava Baadur (GEO)"]
[Black "Maletin Pavel (RUS)"]
[Result "1-0"]
[WhiteElo "2664"]
[BlackElo "2563"]

{ Maletin Pavel (RUS) +0 =1 -0 } 1.d4 Nf6 2.c4 e6 3.Nc3 Bb4 4.e3 b6 5.Ne2 Ba6
6.a3 Bxc3+ 7.Nxc3 d5 8.b4 O-O { = } ( 8...Bxc4 9.Bxc4 dxc4 10.Qe2 Qd7 11.Qxc4
Qc6 12.Qxc6+ Nxc6 13.Bb2 O-O-O 14.Rc1 Kb7 15.Ne2 a5 16.b5 Na7 17.a4 c6
18.bxc6+ Nxc6 19.f3 Nb4 20.Kd2 Nd7 21.Rc3 Nc5 22.Ra3 e5 23.Rc1 Rd7 24.e4 exd4
25.Nxd4 Rhd8 26.Ke3 g6 27.g4 f5 28.gxf5 { ...0-1, Kaspi Alexander 2486 -
Rechlis Gad 2507 , Israel 1999 Ch Israel (team) } ) 9.b5 ( 9.Qf3 c5 10.b5 Bb7
11.Bb2 cxd4 12.exd4 Nbd7 13.cxd5 Rc8 14.Bd3 Nxd5 15.O-O N7f6 16.Ne4 Rc7
17.Rfc1 Rd7 18.Rd1 h6 19.Rac1 Qa8 20.Nxf6+ Nxf6 21.Qg3 Nh5 22.Qg4 Rd5 23.h4
Qd8 24.Bc4 Nf6 25.Qg3 Rd7 26.d5 exd5 27.Rd3 Nh5 28.Qg4 f5 { ...0-1, Loureiro
Luiz 2365 - Milos Gilberto 2586 , Americana 1999 Ch Paulista (final) } ) (
9.Bb2 c6 10.Qb3 Nbd7 11.b5 Bb7 12.cxd5 cxd5 13.Be2 e5 14.O-O exd4 15.exd4 Re8
16.Rfe1 Nf8 17.Na2 Re6 18.Bd3 Qd6 19.Rxe6 Nxe6 20.g3 Ng5 21.Bf1 Re8 22.Nb4 Ng4
23.Qd1 h5 24.Nd3 Bc8 25.Bc1 Qf6 26.Bxg5 Qxg5 27.Qc1 Qd8 28.Bg2 Bf5 { ...0-1,
Groszpeter Attila 2480 - Kuzmin Gennadi P 2545 , Minsk 1982 It (cat.11) } )
9...Bb7 10.a4 { N } ( 10.f3 a6 11.Kf2 c5 12.bxc6 Nxc6 13.cxd5 Nxd5 14.Nxd5
Qxd5 15.Bb2 Rac8 16.Bd3 Na5 17.e4 Qh5 18.a4 f5 19.exf5 exf5 20.Re1 Qxh2 21.Re5
Be4 22.Bxe4 fxe4 23.Rxe4 Nc4 24.Rb1 Rf6 25.Qe2 Nd6 26.Re6 Rf7 27.Ba3 Qh4+
28.Kg1 Qxd4+ 29.Kf1 Nf5 { ...1-0, Bekker-Jensen David 2190 - Holst Allan 2310
, Denmark 1996 Ch Denmark (team) 1996/97 } ) ( 10.cxd5 Nxd5 11.Nxd5 Qxd5 12.f3
a6 13.Bd3 f5 14.a4 axb5 15.Ba3 b4 16.Bxb4 Rf7 17.Rc1 Ba6 18.Bc2 Nc6 19.Bb3 Qd7
20.Bc3 Ne7 21.Kf2 Nd5 22.Bd2 Qd6 23.Qc2 Bb7 24.Qc4 Rf6 25.g3 h5 26.Rhd1 h4
27.Rg1 Raf8 28.a5 Rh6 29.axb6 cxb6 { ...0-1, Portisch Lajos 2630 - Huebner
Robert Dr 2595 , Bugojno 1978 It (cat.14) } ) ( 10.Bb2 Nbd7 11.f3 Re8 12.Be2
e5 13.dxe5 Nxe5 14.cxd5 Bxd5 15.O-O Nc4 16.Bxc4 Bxc4 17.Re1 Qxd1 18.Raxd1 Rad8
19.e4 Kf8 20.a4 Ke7 21.Ba3+ Ke6 22.f4 Rxd1 23.Rxd1 Rc8 24.f5+ Ke5 25.Bb2 Bb3
26.Re1 Kd4 27.e5 Nd5 28.Ne4+ Kd3 29.Nf2+ Kd2 { ...0-1, Heimerl Lothar 2215 -
Cladouras Panagiotis 2370 , Germany 1983 Bundesliga 1982/83 } ) 10...dxc4
11.Bxc4 Bxg2 12.Rg1 Bb7 13.Bb2 Nbd7 14.e4 e5 15.f4 exd4 16.Qxd4 Qe7 17.O-O-O
Rad8 18.Rg5 { ?! } ( 18.Kb1 { !? } 18...c5 19.bxc6 Bxc6 20.e5 Nh5 21.Nd5 Bxd5
22.Bxd5 Nc5 23.f5 Rxd5 24.Qxd5 Nxa4 { } ) 18...h6 19.Rg2 Kh8 20.Rdg1 Rg8
21.Nd5 Bxd5 22.exd5 Rde8 23.Bd3 Qc5+ 24.Qxc5 Nxc5 { ?! } ( 24...bxc5 { !? }
25.Bf5 Nb6 26.Rxg7 Rxg7 27.Bxf6 Rg8 28.Be4 Nxa4 29.Rg3 c4 30.Rh3 Re8 { } )
25.Bc2 Nh5 { ? } ( { ? } 25...Ra8 26.Rxg7 Rxg7 27.Bxf6 Rg8 28.Kb2 Nd7 29.Bxg7+
Rxg7 30.Re1 Nf6 31.Bb3 Rg2+ 32.Ka3 { } ) 26.Rg4 Nxa4 27.Bxa4 Re4 28.f5 Nf4
29.Bc2 { +3.75 CAP } {#r} 1-0

[Event "Ch Ukraine (juniors) (under 16) (g)"]
[Site "masterchessopen.com Odessa (Ukraine)"]
[Date "2008.03.28"]
[Round "9"]
[White "Kovaliova Valeria (UKR)"]
[Black "Shvayger Yuliya (UKR)"]
[Result "0-1"]
[WhiteElo "2000"]
[BlackElo "2151"]

1.d4 Nf6 2.c4 e6 3.Nc3 Bb4 4.e3 b6 5.Ne2 Ba6 6.a3 Bxc3+ 7.Nxc3 d5 8.Qa4+ c6
9.Qb4 Qe7 10.Qxe7+ Kxe7 11.b3 dxc4 12.bxc4 c5 13.dxc5 bxc5 14.a4 Nc6 15.Be2
Na5 16.Ba3 Nd7 17.Nb5 Bb7 18.O-O a6 19.Nc3 Rac8 20.Rab1 Ba8 21.f4 f5 22.Bd3 g5
23.Bb2 Rhg8 24.g3 gxf4 25.exf4 h5 26.Rfe1 Kf7 27.Ne2 Rcd8 28.Bc3 Nc6 29.Bc2 a5
30.Rb5 Nb4 31.Bb1 Rb8 32.Rxa5 Bc6 33.Ra7 Rgd8 34.Rd1 Ra8 35.Rc7 Bxa4 36.Rc1
Rdb8 37.Bxb4 Rxb4 38.Kf2 Ke7 39.Nc3 Kd6 40.Nb5+ Bxb5 41.Rb7 Bc6 42.Rd1+ Ke7
{#R} 0-1

[Event "Ch Ukraine (juniors) (under 16) (g)"]
[Site "masterchessopen.com Odessa (Ukraine)"]
[Date "2008.03.28"]
[Round "9"]
[White "Usoltseva Polina (UKR)"]
[Black "Barantseva Alexandra (UKR)"]
[Result "1-0"]
[WhiteElo "1830"]
[BlackElo "1901"]

1.d4 Nf6 2.c4 e6 3.Nc3 Bb4 4.e3 b6 5.Ne2 Ba6 6.a3 Bxc3+ 7.Nxc3 d5 8.Qa4+ c6
9.Qb3 O-O 10.Be2 Qc8 11.O-O Nbd7 12.cxd5 Bxe2 13.Nxe2 cxd5 14.Qd3 Qb7 15.Bd2
Rfc8 16.Rac1 Ne4 17.f3 Nd6 18.b3 a5 19.a4 b5 20.axb5 Nxb5 21.Rxc8+ Qxc8
22.Qxb5 {#r} 1-0

[Event "Ch USA (qual)"]
[Site "masterchessopen.com Tulsa (USA)"]
[Date "2008.03.30"]
[Round "6"]
[White "Bick John D (USA)"]
[Black "Ippolito Dean (USA)"]
[Result "0-1"]
[WhiteElo "2245"]
[BlackElo "2430"]

1.d4 Nf6 2.c4 e6 3.Nc3 Bb4 4.e3 b6 5.Ne2 Ba6 6.a3 Bxc3+ 7.Nxc3 d5 8.Qf3 O-O
9.g4 c6 10.b3 Nbd7 11.g5 Ne8 12.Qg3 Qe7 13.e4 dxc4 14.bxc4 c5 15.d5 Nd6 16.e5
exd5 17.f4 Bxc4 18.Bxc4 Nxc4 19.Nxd5 Qe6 20.Qg2 Ndxe5 21.O-O Rad8 22.Nc3 Qg4
23.fxe5 Qd4+ 24.Kh1 Qxc3 25.Bf4 Nxe5 26.Rae1 Nd3 27.Re4 Nxf4 28.Rexf4 Qd2
29.R4f2 Qd5 30.Rf3 Qe4 31.h4 Rd3 32.Rxd3 Qxd3 33.h5 Re8 34.h6 Qe4 35.Rf3 Qh4+
36.Kg1 Re1+ 37.Rf1 Qd4+ 38.Kh2 Qe5+ 39.Kh3 Re3+ 40.Kg4 Re4+ 41.Kh3 Qe6+ {#R}
0-1

[Event "Ch Romania (juniors) (g)"]
[Site "masterchessopen.com Voineasa (Romania)"]
[Date "2008.04.15"]
[Round "5"]
[White "Olarasu Ioana (ROM)"]
[Black "Ilie Maria-Ruxandra (ROM)"]
[Result "1-0"]
[WhiteElo "805"]
[BlackElo "815"]

1.d4 Nf6 2.c4 e6 3.Nc3 Bb4 4.e3 b6 5.Ne2 Ba6 6.Nf4 Nc6 7.Qc2 Na5 8.b3 Ne4
9.Bd2 Nxd2 10.Qxd2 Qf6 11.Be2 Bb7 12.O-O O-O 13.Qc2 c5 14.Nh5 Qg5 15.Ng3 cxd4
16.exd4 Nc6 17.Rfd1 f5 18.d5 Ne5 19.a3 Be7 20.Qd2 Qh4 21.f4 Bc5+ 22.Kh1 Ng4
23.Bxg4 Qxg4 24.dxe6 dxe6 25.b4 Rad8 26.Qxd8 Rxd8 27.Rxd8+ Bf8 28.Nce2 h5
29.h3 Qh4 30.Rad1 Qxh3+ {#r} 1-0

[Event "Ch Europe"]
[Site "masterchessopen.com Plovdiv (Bulgaria)"]
[Date "2008.05.02"]
[Round "11"]
[White "Smirnov Artem (RUS)"]
[Black "Savchenko Boris (RUS)"]
[Result "0-1"]
[WhiteElo "2461"]
[BlackElo "2648"]

1.d4 Nf6 2.c4 e6 3.Nc3 Bb4 4.e3 b6 5.Ne2 Ba6 6.Ng3 c5 7.d5 O-O 8.Bd2 Qe7 9.a3
Ba5 10.Qf3 d6 11.Rb1 b5 12.b4 cxb4 13.axb4 Bb6 14.Nxb5 Bxb5 15.cxb5 Nxd5
16.Bc4 Nc7 17.O-O Nd7 18.Qe2 Ne5 19.Bb3 Qd7 20.f4 Ng6 21.Bc4 d5 22.Bd3 f5
23.Kh1 Ne8 24.Rbc1 Nd6 25.Rc6 Ne7 26.Rcc1 Rfc8 27.h3 Rxc1 28.Rxc1 Rc8 29.Kh2
g6 30.Rxc8+ Qxc8 31.Qd1 Nc4 32.Qc1 Kf7 33.Ne2 Nxd2 34.Qxd2 Qh8 35.Bb1 Qa1
36.Bd3 g5 37.fxg5 Qe5+ 38.Kh1 Qxe3 39.Qd1 Qxg5 40.Ng1 Qe3 41.Nf3 Ng6 42.h4 h6
43.Bf1 Nxh4 44.Be2 Nxf3 45.Bxf3 Qf2 46.g4 Bc7 47.Qe2 Qxe2 48.Bxe2 f4 {#R} 0-1

[Event "Ch England (team) 2007/08 (4 div)"]
[Site "masterchessopen.com England"]
[Date "2008.05.03"]
[Round "9"]
[White "Richmond Robert (ENG)"]
[Black "Wippermann Till (GER)"]
[Result "0-1"]
[WhiteElo "2236"]
[BlackElo "2459"]

1.d4 Nf6 2.c4 e6 3.Nc3 Bb4 4.e3 b6 5.Ne2 Ba6 6.a3 Bxc3+ 7.Nxc3 d5 8.b3 Nc6
9.Be2 O-O 10.O-O dxc4 11.Bxc4 Bxc4 12.bxc4 Na5 13.Qa4 Qd7 14.c5 Rfd8 15.Rb1
Nd5 16.Qxd7 Rxd7 17.Na4 Rb8 18.Bb2 Nc4 19.Rfd1 b5 20.e4 bxa4 21.exd5 exd5
22.Bc3 Rdd8 23.Rb4 a5 24.Rxa4 Rb5 25.Kf1 Re8 26.Re1 Kf8 27.Rxe8+ Kxe8 28.Ke2
Kd7 29.Kd3 Rb3 30.Kc2 Rb8 31.Kd3 c6 32.Kc2 f5 33.h4 g6 34.g3 Re8 35.Kd3 Re4
36.Rxa5 Nxa5 37.Bxa5 f4 38.Bd2 f3 39.a4 Re2 {#R} 0-1

[Event "Memorial Izmailov (open)"]
[Site "masterchessopen.com Tomsk (Russia)"]
[Date "2008.07.03"]
[Round "9"]
[White "Khismatullin Denis (RUS)"]
[Black "Bocharov Dmitry (RUS)"]
[Result "1-0"]
[WhiteElo "2606"]
[BlackElo "2597"]

1.d4 Nf6 2.c4 e6 3.Nc3 Bb4 4.e3 b6 5.Ne2 Ba6 6.a3 Bxc3+ 7.Nxc3 d5 8.b3 O-O
9.Qf3 c6 10.g4 Nbd7 11.Bb2 Rc8 12.Rg1 dxc4 13.bxc4 c5 14.g5 Ne8 15.d5 Nd6
16.Ne4 Nxe4 17.Qxe4 Re8 18.O-O-O Bb7 19.Qc2 e5 20.Bh3 b5 21.f4 Nb6 22.cxb5 c4
23.Bxc8 Qxc8 24.e4 Qc5 25.fxe5 Qxb5 26.g6 fxg6 27.e6 c3 28.Bxc3 Rc8 29.d6 Qc5
30.d7 Qxa3+ 31.Kb1 Rd8 32.Bb2 Qe7 33.Qb3 Bxe4+ 34.Ka2 Nd5 35.Rxd5 Qxe6 36.Rd4
{#r} 1-0

[Event "Ch Vietnam (juniors) (under 15)"]
[Site "masterchessopen.com Vung Tau (Vietnam)"]
[Date "2008.07.07"]
[Round "3"]
[White "Huynh Lam Binh Nguyen (VIE)"]
[Black "Tran Quang Khai (VIE)"]
[Result "0-1"]
[WhiteElo "2021"]
[BlackElo "2017"]

1.d4 Nf6 2.c4 e6 3.Nc3 Bb4 4.e3 b6 5.Ne2 Ba6 6.Nf4 O-O 7.Bd2 d5 8.cxd5 Bxf1
9.Kxf1 exd5 10.g4 c6 11.Rg1 Bd6 12.g5 Ne4 13.Nxe4 dxe4 14.Bc3 Bxf4 15.exf4 Qd5
16.Rg3 Re8 17.Kg1 Qf5 18.Qd2 Na6 19.Qe2 Nc7 20.Qg4 Qxg4 21.Rxg4 Rad8 22.f5 Nb5
23.Re1 Nxd4 24.Bxd4 Rxd4 25.f3 Rd2 26.Rgxe4 Rxe4 27.Rxe4 Kf8 28.f6 gxf6
29.gxf6 Rxb2 30.Rd4 Re2 31.Rd7 Re6 32.Rxa7 Rxf6 33.Kf2 Re6 34.Rc7 Kg7 {#R} 0-1

[Event "Ch Belgium"]
[Site "masterchessopen.com Eupen (Belgium)"]
[Date "2008.07.10"]
[Round "6"]
[White "Hovhanisian Mher (ARM)"]
[Black "Leenaerts Robin (BEL)"]
[Result "0-1"]
[WhiteElo "2460"]
[BlackElo "2228"]

1.d4 Nf6 2.c4 e6 3.Nc3 Bb4 4.e3 b6 5.Ne2 Ba6 6.a3 Be7 7.Nf4 d5 8.cxd5 Bxf1
9.dxe6 Ba6 10.exf7+ Kxf7 11.e4 c5 12.d5 Bd6 13.Ne6 Qe7 14.f4 Nbd7 15.Qf3 Rhe8
16.g4 Nf8 17.f5 Kg8 18.Bf4 N6d7 19.O-O-O b5 20.g5 b4 21.Nb1 Ne5 22.Qg3 Nxe6
23.dxe6 Nd3+ 24.Rxd3 Bxf4+ 25.Qxf4 Bxd3 26.Rd1 c4 27.axb4 Rab8 28.b5 Rxb5
29.Rd2 Ra5 30.f6 Qxe6 31.Qc7 Rxg5 32.Rf2 gxf6 {#R} 0-1

[Event "It (open)"]
[Site "masterchessopen.com Avoine (France)"]
[Date "2008.07.22"]
[Round "4"]
[White "Alet Jean-Pierre (FRA)"]
[Black "Saatdjian Esteban (FRA)"]
[Result "1-0"]
[WhiteElo "2179"]
[BlackElo "1682"]

1.d4 Nf6 2.c4 e6 3.Nc3 Bb4 4.e3 b6 5.Ne2 Ba6 6.Qa4 c5 7.a3 Bxc3+ 8.Nxc3 O-O
9.Be2 cxd4 10.exd4 h6 11.Bf4 Bb7 12.Bd6 Bxg2 13.Rg1 Bc6 14.Qc2 Ne8 15.Bxf8
Kxf8 16.d5 exd5 17.cxd5 Bb7 18.Qh7 Qf6 19.O-O-O d6 20.Bb5 g5 21.h4 a6 22.Bxe8
Kxe8 23.hxg5 hxg5 24.Qg8+ Kd7 25.Qxg5 Qxg5+ 26.Rxg5 Ke7 27.Re1+ Kf8 28.Ne4 Nd7
29.Nxd6 Nc5 30.Re3 a5 31.Rf5 a4 32.Rxf7+ Kg8 33.Rg3+ Kh8 34.Rf5 Nb3+ 35.Kd1
{#r} 1-0

[Event "Ch Finland (team) 2008/09 (1 Division)"]
[Site "masterchessopen.com Finland"]
[Date "2008.09.06"]
[Round "1"]
[White "Toikkanen Vesa (FIN)"]
[Black "Tiinanen Teemu (FIN)"]
[Result "1-0"]
[WhiteElo "2037"]
[BlackElo "1987"]

1.d4 Nf6 2.c4 e6 3.Nc3 Bb4 4.e3 b6 5.Ne2 Ba6 6.a3 Bxc3+ 7.Nxc3 d5 8.b3 Nc6
9.a4 Na5 10.Ba3 c6 11.Rb1 Qc7 12.cxd5 Bxf1 13.d6 Qd7 14.Kxf1 Nd5 15.Rc1 Nb7
16.Qg4 f5 17.Qh5+ g6 18.Qg5 Nxd6 19.Nxd5 cxd5 20.Qf6 Rg8 21.Rc7 Ne4 22.Qe5
{#r} 1-0

[Event "Ch Europe (juniors) (under 14)"]
[Site "masterchessopen.com Herceg Novi (Montenegro)"]
[Date "2008.09.21"]
[Round "6"]
[White "Vasilov Artur (RUS)"]
[Black "Dicu Razvan-Stefan (ROM)"]
[Result "0-1"]
[WhiteElo "2150"]
[BlackElo "2121"]

1.d4 Nf6 2.c4 e6 3.Nc3 Bb4 4.e3 b6 5.Ne2 Ba6 6.a3 Bxc3+ 7.Nxc3 d5 8.b3 O-O
9.Be2 Nc6 10.a4 Re8 11.Ba3 e5 12.dxe5 Nxe5 13.Nxd5 Nxd5 14.cxd5 Bxe2 15.Kxe2
Qg5 16.Kf1 Ng4 17.Qd4 Qh4 18.Qf4 Re4 19.Qg3 Qf6 20.Ke2 Rae8 21.Rhe1 h5 22.h4
Rf4 23.f3 Rxe3+ 24.Kf1 Rfxf3+ 25.Qxf3 Rxf3+ 26.Kg1 Qxh4 {#R} 0-1

[Event "Czech League 2008/09 (2nd) (d)"]
[Site "masterchessopen.com Czech Republic"]
[Date "2008.11.09"]
[Round "2"]
[White "Skaroupka Jiri (CZE)"]
[Black "Bradac Roman (CZE)"]
[Result "0-1"]
[WhiteElo "2147"]
[BlackElo "2038"]

1.d4 Nf6 2.c4 e6 3.Nc3 Bb4 4.e3 b6 5.Ne2 Ba6 6.a3 Bxc3+ 7.Nxc3 d5 8.b3 dxc4
9.Qf3 c6 10.bxc4 O-O 11.Bb2 Nbd7 12.Qxc6 Qc8 13.Qxc8 Raxc8 14.Nb5 Bxb5 15.cxb5
Rc2 16.Rb1 Rfc8 17.f3 Nd5 18.e4 Ne3 19.Rg1 f5 20.e5 Nf8 21.Be2 Ng6 22.Kf2 Nf4
23.Kxe3 Nxe2 24.Rbd1 Nc3 25.Bxc3 R8xc3+ 26.Rd3 f4+ {#R} 0-1

[Event "Ch Great Britain (active)"]
[Site "masterchessopen.com Halifax (England)"]
[Date "2008.11.29"]
[Round "3"]
[White "Poobalasingam Peter (ENG)"]
[Black "Arkell Keith C (ENG)"]
[Result "0-1"]
[WhiteElo "2235"]
[BlackElo "2521"]

1.d4 Nf6 2.c4 e6 3.Nc3 Bb4 4.e3 b6 5.Ne2 Ba6 6.a3 Be7 7.Nf4 d5 8.Qf3 c6 9.cxd5
cxd5 10.Bxa6 Nxa6 11.g4 Nc7 12.Bd2 g5 13.Nd3 h5 14.gxh5 Rxh5 15.e4 g4 16.Qe2
dxe4 17.Nxe4 Nxe4 18.Qxe4 Qd5 19.Qxd5 Nxd5 20.Ke2 Bd6 21.Rag1 Nf6 22.f3 gxf3+
23.Kxf3 Rh3+ 24.Ke2 Rc8 25.Ne5 Rc2 26.Rg3 Rxg3 27.hxg3 Bxe5 28.dxe5 Ne4
29.Rh8+ Kd7 30.Kd3 Rxd2+ 31.Kxe4 Rxb2 32.Ra8 a5 33.Ra7+ Ke8 34.Ra6 Rb3 35.g4
Kf8 36.Kf4 Kg7 37.Kg5 Rb5 38.Kf4 Kg6 39.Ra8 Rb3 40.Ra6 Rxa3 41.Rxb6 Ra4+
42.Kf3 Kg5 43.Rb7 Rf4+ 44.Ke3 Kxg4 45.Ra7 a4 {#R} 0-1

[Event "It \"]
[Site "masterchessopen.com Rijeka (Croatia)"]
[Date "2008.11.30"]
[Round "2"]
[White "Zrilic Bozo (CRO)"]
[Black "Sale Srdjan (CRO)"]
[Result "0-1"]
[WhiteElo "2087"]
[BlackElo "2380"]

1.d4 Nf6 2.c4 e6 3.Nc3 Bb4 4.e3 b6 5.Ne2 Ba6 6.a3 Be7 7.b3 d5 8.Ng3 c5 9.Bb2
cxd4 10.exd4 Nc6 11.Bd3 dxc4 12.bxc4 O-O 13.Qa4 Bb7 14.Nce2 Qd7 15.Qc2 Rac8
16.O-O Na5 17.Rac1 Nxc4 18.Bxc4 b5 19.d5 Rxc4 20.Qd2 Qxd5 21.Qxd5 Bxd5 22.Rfd1
Rfc8 23.Nf1 Rxc1 24.Nxc1 Rc2 25.Rd2 Rxd2 26.Nxd2 Ne4 27.Nxe4 Bxe4 28.Kf1 a5
29.f3 Bd5 30.Ke2 Bd6 31.g3 f6 32.Nd3 Bc4 33.Ke3 Kf7 34.f4 Kg6 35.h3 h5 36.Bc3
Bxd3 37.Kxd3 a4 38.Bb2 h4 {#R} 0-1

[Event "Ch France (team) (nat.1) 2008/09"]
[Site "masterchessopen.com France"]
[Date "2008.12.14"]
[Round "5"]
[White "Colin Vincent (FRA)"]
[Black "Rihouay Clement (FRA)"]
[Result "1-0"]
[WhiteElo "2421"]
[BlackElo "2196"]

1.d4 Nf6 2.c4 e6 3.Nc3 Bb4 4.e3 b6 5.Ne2 Ba6 6.a3 Be7 7.Nf4 d5 8.cxd5 Bxf1
9.Qa4+ Kf8 10.Kxf1 Nxd5 11.e4 Nxf4 12.Bxf4 Bd6 13.e5 Be7 14.Rd1 c6 15.h4 Qc8
16.Qc2 Na6 17.h5 h6 18.Rh3 Qd7 19.Ne2 Rd8 20.Qa4 Qb7 21.Rc3 Nb8 22.Rdd3 g5
23.hxg6 fxg6 24.Bc1 g5 25.Ng3 Ke8 26.Qd1 Kd7 27.Qg4 Na6 28.Rc2 Rc8 29.Nh5 Rh7
30.Rdc3 Nc7 31.Rxc6 Rf7 32.d5 {#r} 1-0

[Event "It (open) \"]
[Site "masterchessopen.com Gibraltar (England)"]
[Date "2009.01.27"]
[Round "1"]
[White "Brown Thomas (WLS)"]
[Black "Steffenello Leonard (BRA)"]
[Result "1-0"]
[WhiteElo "2033"]
[BlackElo "2128"]

1.d4 Nf6 2.c4 e6 3.Nc3 Bb4 4.e3 b6 5.Ne2 Ba6 6.Ng3 Nc6 7.Qa4 Bb7 8.Bd3 h5
9.Bd2 h4 10.Nge4 Nxe4 11.Bxe4 Qe7 12.a3 Nd8 13.d5 exd5 14.cxd5 Bxc3 15.Bxc3 h3
16.g3 f6 17.Bf3 Nf7 18.O-O Ng5 19.Bh1 O-O-O 20.Qxa7 Ne4 21.Bd4 Nc5 22.b4 Nd3
23.d6 {#r} 1-0

[Event "Ch Germany"]
[Site "masterchessopen.com Saarbruecken (Germany)"]
[Date "2009.02.12"]
[Round "7"]
[White "Zude Erik Dr (GER)"]
[Black "Wippermann Till (GER)"]
[Result "1-0"]
[WhiteElo "2402"]
[BlackElo "2419"]

1.d4 Nf6 2.c4 e6 3.Nc3 Bb4 4.e3 b6 5.Ne2 Ba6 6.Ng3 O-O 7.Bd3 Nc6 8.O-O Bxc3
9.bxc3 Na5 10.Qe2 d5 11.cxd5 Bxd3 12.Qxd3 exd5 13.f3 Qd7 14.e4 Qc6 15.e5 Nd7
16.f4 f6 17.Ba3 Rfe8 18.Rae1 Nc4 19.Bc1 g6 20.Nh1 f5 21.g4 Qe6 22.Ng3 Rf8
23.Re2 Rf7 24.Rg2 Kh8 25.h4 Raf8 26.h5 fxg4 27.Rh2 Kg8 28.Kg2 c5 29.hxg6 hxg6
30.Rh6 Rf5 31.Rfh1 Qe8 32.Nxf5 gxf5 33.Rh8+ Kg7 34.R1h7+ Kg6 35.Rh6+ Kg7
36.R8h7+ Kg8 37.dxc5 Nxc5 38.Qxd5+ {#r} 1-0

[Event "It (cat.3)"]
[Site "masterchessopen.com Ramos Mejia (Argentina)"]
[Date "2009.03.20"]
[Round "9"]
[White "Nedilsky Diego (ARG)"]
[Black "Rodriguez Andres (URU)"]
[Result "0-1"]
[WhiteElo "2285"]
[BlackElo "2522"]

1.d4 e6 2.c4 Nf6 3.Nc3 Bb4 4.e3 b6 5.Ne2 Ba6 6.a3 Be7 7.Nf4 d5 8.b3 O-O 9.Bd3
dxc4 10.bxc4 Nc6 11.Bb2 e5 12.Nfd5 exd4 13.exd4 Nxd4 14.O-O c5 15.Re1 Bd6
16.Nxf6+ Qxf6 17.Qh5 g6 18.Nd5 Qg7 19.Qh4 Nf3+ 20.gxf3 Qxb2 21.Ra2 Qg7 22.Nf6+
Kh8 23.Rae2 Rad8 24.Re8 Rdxe8 25.Nxe8 Qc3 26.Re3 Be5 27.Qe7 Bg7 28.Bxg6 Qxc4
29.Bd3 Qc1+ 30.Re1 Qxa3 31.Bxa6 Rg8 32.Nxg7 Rxg7+ 33.Kh1 {#R} 0-1

[Event "Ch England (team) 2008/09"]
[Site "masterchessopen.com England"]
[Date "2009.03.21"]
[Round "7"]
[White "Dilleigh Steve (ENG)"]
[Black "Ledger David (ENG)"]
[Result "0-1"]
[WhiteElo "2120"]
[BlackElo "2225"]

1.d4 Nf6 2.c4 e6 3.Nc3 Bb4 4.e3 b6 5.Ne2 Ba6 6.Ng3 O-O 7.e4 d6 8.Bd3 Nc6 9.O-O
Bxc3 10.bxc3 e5 11.d5 Na5 12.f4 Nd7 13.Nf5 g6 14.Nh6+ Kg7 15.f5 f6 16.fxg6
hxg6 17.Qg4 Qe8 18.Rf3 Rh8 19.Nf5+ Kf7 20.Rg3 Nf8 21.Bh6 Bc8 22.Bxf8 Bxf5
23.exf5 g5 24.Bg7 Rh4 25.Qf3 e4 26.Qf2 exd3 27.Re1 Re4 28.Rge3 Re5 29.Rxe5
dxe5 30.h4 Kxg7 31.hxg5 Qh5 32.gxf6+ Kxf6 33.Qg3 Nxc4 34.Qxd3 b5 35.a4 a6
36.Ra1 Rh8 37.Qg3 Nd6 38.Re1 Qh1+ 39.Kf2 Qh4 40.Qxh4+ Rxh4 {#R} 0-1

[Event "It (open)"]
[Site "masterchessopen.com Sydney (Australia)"]
[Date "2009.04.16"]
[Round "4"]
[White "Lester G"]
[Black "Milligan Helen (NZL)"]
[Result "0-1"]
[WhiteElo "1801"]
[BlackElo "1976"]

1.d4 Nf6 2.c4 e6 3.Nc3 Bb4 4.e3 b6 5.Ne2 Ba6 6.a3 Bxc3+ 7.Nxc3 O-O 8.Bd3 d5
9.b3 Nc6 10.cxd5 Bxd3 11.Qxd3 exd5 12.O-O Na5 13.b4 Nb7 14.Bb2 Nd6 15.Rad1 Re8
16.f3 Qe7 17.Rfe1 a5 18.b5 Rac8 19.a4 Nc4 20.Bc1 c6 21.bxc6 Rxc6 22.e4 Qb4
23.e5 Nd7 24.Nxd5 Qxa4 25.Qf5 Nf8 26.Bg5 Nb2 27.Rd2 Nc4 28.Rde2 Qa3 29.Bc1 Qb3
30.Nf4 a4 31.d5 Rc5 32.e6 f6 33.e7 Ng6 34.Qe6+ Kh8 35.Qd7 Qb5 36.Nxg6+ hxg6
37.Qh3+ Kg8 38.Qe6+ Kh7 39.d6 Nxd6 40.Qxd6 Rxc1 41.Qg3 Qxe2 {#R} 0-1

[Event "Memorial V.Nabokov (cat.8)"]
[Site "masterchessopen.com Kiev (Ukraine)"]
[Date "2009.04.22"]
[Round "11"]
[White "Golichenko Ilija (UKR)"]
[Black "Nyzhnyk Illya (UKR)"]
[Result "1-0"]
[WhiteElo "2420"]
[BlackElo "2486"]

1.d4 Nf6 2.c4 e6 3.Nc3 Bb4 4.e3 b6 5.Ne2 Ba6 6.a3 Bxc3+ 7.Nxc3 d5 8.Qf3 c6
9.b3 O-O 10.g4 Ne8 11.a4 Nd6 12.Ba3 Re8 13.Qf4 Nc8 14.h4 Ne7 15.h5 h6 16.g5
hxg5 17.Qxg5 Nf5 18.Qf4 Kh8 19.Bd3 Nh6 20.Rg1 Nd7 21.Bd6 Qf6 22.Qxf6 Nxf6
23.Be5 Nfg4 24.Bg3 e5 25.O-O-O exd4 26.exd4 dxc4 27.bxc4 Rad8 28.Be2 Rxe2
29.Nxe2 Bxc4 30.Nc3 b5 31.d5 cxd5 32.Nxb5 a6 33.Nd6 Rxd6 34.Bxd6 Nxf2 35.Rd4
Nf5 36.Bf8 Nd3+ 37.Kd2 Nxd4 38.Bxg7+ Kh7 39.Bxd4 Nf4 40.Rg7+ Kh6 41.Rxf7 Ne2
42.Be5 Kxh5 43.Rg7 Kh6 44.Rg2 Kh7 45.a5 {#r} 1-0

[Event "It (cat.9)"]
[Site "masterchessopen.com Stockholm (Sweden)"]
[Date "2009.06.20"]
[Round "4"]
[White "Cramling Dan (SWE)"]
[Black "Lindberg Bengt (SWE)"]
[Result "0-1"]
[WhiteElo "2409"]
[BlackElo "2402"]

1.d4 Nf6 2.c4 e6 3.Nc3 Bb4 4.e3 b6 5.Ne2 Ba6 6.a3 Bxc3+ 7.Nxc3 d5 8.b3 O-O
9.Be2 Nc6 10.a4 Re8 11.Ba3 e5 12.dxe5 Nxe5 13.Nxd5 Nxd5 14.cxd5 Bxe2 15.Kxe2
Qg5 16.Kf1 Rad8 17.Kg1 Ng6 18.d6 c5 19.b4 Re6 20.h4 Nxh4 21.Rxh4 Qxh4 22.bxc5
Rh6 23.f3 Qh2+ 24.Kf2 Rg6 25.Qf1 bxc5 26.Bxc5 h5 27.Rc1 Rb8 28.f4 Rxg2+ 29.Kf3
Qg3+ 30.Ke4 Rf2 31.Qh1 Qg6+ 32.Kd5 Qe6+ 33.Kd4 Rd2+ 34.Kc3 Qa2 {#R} 0-1

[Event "It (open)"]
[Site "masterchessopen.com Oslo (Norway)"]
[Date "2009.06.21"]
[Round "3"]
[White "Grotnes Nils (NOR)"]
[Black "Thingstad Even (NOR)"]
[Result "0-1"]
[WhiteElo "2232"]
[BlackElo "2058"]

1.d4 Nf6 2.c4 e6 3.Nc3 Bb4 4.e3 b6 5.Ne2 Ba6 6.a3 Bxc3+ 7.Nxc3 d5 8.b3 O-O
9.a4 Nbd7 10.Ba3 Re8 11.Rc1 c5 12.cxd5 Bxf1 13.Kxf1 exd5 14.dxc5 Nxc5 15.b4
Nce4 16.Nb5 Rc8 17.f3 Ng4 18.Rxc8 Nxe3+ 19.Kg1 Qxc8 20.Qd3 Nc4 21.fxe4 dxe4
22.Qg3 e3 23.Bc1 e2 24.Kf2 Ne5 25.Nd6 Ng4+ 26.Kf3 Qc3+ 27.Kxg4 Qxg3+ 28.Kxg3
e1=Q+ 29.Rxe1 Rxe1 30.Bd2 Ra1 31.Kf4 Rxa4 32.Ke5 Ra2 33.Ne4 a5 34.bxa5 bxa5
35.g4 a4 36.Kd4 a3 37.Kc3 Rb2 38.Bc1 Re2 {#R} 0-1